The Victoria history of the counties of England

Αποθηκεύτηκε σε:
Λεπτομέρειες βιβλιογραφικής εγγραφής
Άλλοι συγγραφείς: Elrington, C. R. (Christopher Robin), 1930-2009
Μορφή: Βιβλίο
Γλώσσα:English
Δημοσίευση: Oxford : Oxford University Press, 1991.
Θέματα:
Ετικέτες: Προσθήκη ετικέτας
Δεν υπάρχουν, Καταχωρήστε ετικέτα πρώτοι!

MARC

LEADER 00000cam a2200000 i 4500
001 1/16483
008 980804s1991 enkab ||| | eng d
020 |a 0197227791 
035 |l 10020210 
040 |a GR-MY-UA  |b gre  |e aacr 
041 0 |a eng 
082 0 |a 942.312 
245 0 4 |a The Victoria history of the counties of England /   |c edited by C. R. Elrington.  
260 |a Oxford :   |b Oxford University Press,   |c 1991.  
300 |a 267 σ. :   |b χάρτες, εικ. ;   |c 30 εκ.  
504 |a Περιλαμβάνει ευρετήριο.  
505 8 |a A history of Wiltshire.  
651 0 |a Great Britain  |x History, Local  |x Bibliography  |x Indexes. 
700 1 |a Elrington, C. R.   |q (Christopher Robin),   |d 1930-2009. 
740 0 |a A history of Wiltshire.  
852 |a INST  |b LESVOS  |e 19980804  |h 942.312 VIC  |p 005100006493  |q 005100006493  |t BK  |v τ.14 :  |y 0  |z τ.XIV 
853 |a INST  |b LESVOS  |h 942.312 VIC 
901 |a BIBL-1998-2 
909 |a Λ  |b 033893 
922 |a 1ΕΛΗ  |b 199312  |c ΚΑΡΑΒΑΣ